[Event "Alma-Ata m2"]
[Site "Alma Ata KAZ"]
[Date "1995.??.??"]
[Round "?"]
[White "Karpov, Anatoly"]
[Black "Tkachiev, Vladislav"]
[Result "1-0"]
[WhiteElo "2765"]
[BlackElo "2575"]
[PlyCount "51"]
[EventDate "1995.??.??"]
[Source "www.chesslib.no"]
[SourceDate "2004.05.04"]

1. d4 Nf6 2. c4 g6 3. g3 Bg7 4. Bg2 O-O 5. Nc3 d6 6. Nf3 Nbd7 7. O-O e5 8. e4 exd4 9. Nxd4 Re8 10. Re1 Nc5 11. h3 h6 12. Rb1 a5 13. Kh2 Bd7 14. b3 h5 15. Bf4 Nh7 16. Qd2 Be5 17. Rbd1 h4 18. Bxe5 dxe5 19. Nf3 hxg3+ 20. fxg3 c6 21. Qh6 Qf6 22. Rf1 Qg7 23. Qe3 b6 24. Ne1 Re7 25. Nd3 Nxd3 26. Rxd3 1-0

[Event "35th T-ch GR"]
[Site "Ermioni"]
[Date "2006.07.07"]
[Round "4.4"]
[White "Navara, David"]
[Black "Kotronias, Vasilios"]
[Result "1-0"]
[WhiteElo "2719"]
[BlackElo "2611"]
[PlyCount "145"]
[EventDate "2006.07.??"]
[Source "www.chesslib.no"]
[SourceDate "2004.05.04"]

1. d4 Nf6 2. c4 g6 3. Nf3 Bg7 4. Nc3 O-O 5. g3 d6 6. Bg2 Nbd7 7. O-O e5 8. e4 c6 9. b3 Qb6 10. Bb2 exd4 11. Na4 Qc7 12. Qxd4 Re8 13. Rad1 Nb6 14. c5 dxc5 15. Nxc5 Bg4 16. h3 Rad8 17. Qc3 Bc8 18. Rxd8 Qxd8 19. Re1 Nbd7 20. Nxd7 Qxd7 21. Nd2 b6 22. Nc4 Ba6 23. Ne3 Nh5 24. Qc1 Bxb2 25. Qxb2 Bc8 26. Ng4 Kf8 27. Bf3 Qd3 28. Kg2 Bxg4 29. hxg4 Ng7 30. Rh1 Kg8 31. Rd1 Qb5 32. Rd7 Qg5 33. Rxa7 Ne6 34. Rb7 h5 35. gxh5 gxh5 36. Rd7 h4 37. Qd2 Qf6 38. Bh5 Rf8 39. Bg4 hxg3 40. fxg3 Nc5 41. Rd6 Qe5 42. Rxc6 Nxe4 43. Qf4 Qd5 44. Rc2 Ng5+ 45. Bf3 Nxf3 46. Qxf3 Rd8 47. Re2 Kg7 48. a4 Qxf3+ 49. Kxf3 Rd4 50. Re4 Rd3+ 51. Re3 Rd4 52. Ke2 Kg6 53. Rd3 Rb4 54. Kd2 Kf5 55. Kc3 Rg4 56. Re3 Kg5 57. b4 f5 58. Kb3 Kf6 59. a5 bxa5 60. bxa5 Rd4 61. Kb2 Kg5 62. a6 Rd2+ 63. Kb3 Rd6 64. a7 Ra6 65. Re7 Kg4 66. Rg7+ Kf3 67. Rc7 Rb6+ 68. Kc4 Ra6 69. Kb5 Ra1 70. Rg7 Rb1+ 71. Kc6 Ra1 72. Kb7 Rb1+ 73. Kc8 1-0

[Event "Ubeda"]
[Site "?"]
[Date "1997.??.??"]
[Round "?"]
[White "Bareev, E."]
[Black "Jussupow, A."]
[Result "1-0"]
[WhiteElo "2665"]
[BlackElo "2665"]
[PlyCount "131"]
[EventDate "1997.??.??"]
[Source "ChessBase"]
[SourceDate "1997.02.01"]

1. c4 e5 2. g3 d6 3. Bg2 g6 4. d4 Nd7 5. Nf3 Bg7 6. Nc3 Ngf6 7. O-O O-O 8. e4 exd4 9. Nxd4 Re8 10. h3 Nc5 11. Re1 Bd7 12. Rb1 a5 13. Bf4 h6 14. g4 Ne6 15. Be3 Nxd4 16. Bxd4 Be6 17. Qd3 g5 18. b3 Nd7 19. Bxg7 Kxg7 20. Ne2 Qf6 21. Qd2 Ne5 22. Ng3 Kf8 23. Nh5 Qh8 24. f4 gxf4 25. Nxf4 b6 26. Rf1 Ke7 27. Nd5+ Bxd5 28. cxd5 Qg7 29. Rf5 Kd8 30. Rbf1 Kc8 31. Rf6 Kb7 32. Rxh6 a4 33. Rhf6 axb3 34. axb3 Ra3 35. Qc1 Ra2 36. Qc3 Kb8 37. R6f5 Qh6 38. R5f2 Ra7 39. b4 Rh8 40. Rf6 Qh4 41. R6f5 Rg8 42. Rxe5 dxe5 43. Qxe5 Qh6 44. Qf4 Qxf4 45. Rxf4 Rg7 46. h4 Kc8 47. g5 Ra2 48. Kh2 Kd7 49. Kg3 Kd6 50. Rf5 c5 51. e5+ Ke7 52. d6+ Ke6 53. Bh3 Ra7 54. Kf4 Kd5 55. Rf6 Rh7 56. Rh6 Rxh6 57. gxh6 f6 58. exf6 Kxd6 59. bxc5+ bxc5 60. Bf5 Ra8 61. h7 c4 62. Kg5 c3 63. Kg6 Ke5 64. Bc2 Ke6 65. Bb3+ Ke5 66. Kg7 1-0

[Event "Chess Classics (Open) Frankfurt"]
[Site "Frankfurt"]
[Date "1998.??.??"]
[Round "7"]
[White "Huebner, Robert Dr"]
[Black "Ivanchuk, Vassily"]
[Result "1/2-1/2"]
[WhiteElo "2560"]
[BlackElo "2740"]
[PlyCount "84"]
[EventDate "1998.??.??"]
[Source "www.chesslib.no"]
[SourceDate "2004.05.04"]

1. d4 Nf6 2. Nf3 g6 3. g3 Bg7 4. Bg2 O-O 5. O-O d6 6. c4 Nbd7 7. Nc3 e5 8. e4 a6 9. Re1 exd4 10. Nxd4 Ng4 11. h3 Qf6 12. Nf3 Nge5 13. Nd5 Qd8 14. Nxe5 Nxe5 15. Qe2 Re8 16. Be3 b5 17. c5 Nc4 18. cxd6 cxd6 19. Rab1 Bb7 20. Red1 Nxe3 21. Rd4 Nd1 22. Rdxd1 Bd4 23. Qd2 Bg7 24. Qe3 Rb8 25. Rd4 Rc8 26. Rd2 Rc5 27. Qb3 Qa5 28. Rbd1 Bxd5 29. Rxd5 Rxd5 30. Rxd5 Qe1+ 31. Bf1 Re6 32. Qc2 h5 33. h4 Qxe4 34. Qxe4 Rxe4 35. Rxd6 Ra4 36. Rd8+ Kh7 37. Rd7 Rxa2 38. Rxf7 Rxb2 39. Ra7 Ra2 40. Bxb5 Ra1+ 41. Bf1 Kh6 42. Rxa6 Rxa6 1/2-1/2

[Event "Wijk aan Zee"]
[Site "?"]
[Date "1992.??.??"]
[Round "?"]
[White "Nikolic, P."]
[Black "Gelfand, B."]
[Result "1/2-1/2"]
[WhiteElo "2635"]
[BlackElo "2665"]
[PlyCount "41"]
[EventDate "1992.??.??"]
[Source "ChessBase"]
[SourceDate "1991.10.01"]

1. d4 Nf6 2. Nf3 g6 3. c4 Bg7 4. g3 d6 5. Bg2 O-O 6. O-O Nbd7 7. Nc3 e5 8. e4 exd4 9. Nxd4 Re8 10. h3 a6 11. Nde2 Nb6 12. b3 Nxe4 13. Nxe4 Rxe4 14. Bxe4 Bxa1 15. Bg2 Bf6 16. Nf4 Rb8 17. Be3 Bd7 18. Bxb6 cxb6 19. Qxd6 Bc6 20. Qxd8+ Rxd8 21. Nd5 1/2-1/2

[Event "Moscow ol (Men)"]
[Site "Moscow"]
[Date "1994.??.??"]
[Round "7"]
[White "Kortschnoj, Viktor"]
[Black "Jussupow, Artur"]
[Result "1/2-1/2"]
[WhiteElo "2615"]
[BlackElo "2655"]
[PlyCount "41"]
[EventDate "1994.11.??"]
[Source "ChessBase"]

1. c4 e5 2. Nc3 d6 3. g3 g6 4. d4 Nd7 5. Nf3 Bg7 6. Bg2 Ngf6 7. O-O O-O 8. e4 exd4 9. Nxd4 Re8 10. Bf4 Nc5 11. f3 c6 12. Nb3 Nxb3 13. axb3 d5 14. cxd5 cxd5 15. exd5 b5 16. b4 Bb7 17. Bg5 h6 18. Bxf6 Bxf6 19. f4 Qb6+ 20. Kh1 Rad8 21. Qd3 1/2-1/2

[Event "Olympiad"]
[Site "?"]
[Date "2002.11.10"]
[Round "14"]
[White "Nikolic Pr"]
[Black "Spasov Vasil V"]
[Result "1-0"]
[WhiteElo "2661"]
[BlackElo "2591"]
[PlyCount "79"]
[EventDate "2002.??.??"]
[Source "www.chesslib.no"]
[SourceDate "2004.05.04"]

1. d4 Nf6 2. c4 g6 3. Nf3 Bg7 4. g3 O-O 5. Bg2 d6 6. O-O Nbd7 7. Nc3 e5 8. e4 exd4 9. Nxd4 Re8 10. Be3 Nc5 11. f3 Ne6 12. Nde2 a6 13. Qc2 Bd7 14. a4 a5 15. Nb5 Qb8 16. Rad1 Rd8 17. Nf4 Ne8 18. Nxe6 Bxe6 19. f4 Bd7 20. Kh1 Nf6 21. c5 Bc6 22. cxd6 cxd6 23. Bd4 Rd7 24. e5 dxe5 25. fxe5 Nd5 26. Nd6 Nb4 27. Qb3 Qc7 28. e6 Bxg2+ 29. Kxg2 Rxd6 30. Rc1 Qxc1 31. exf7+ Kf8 32. Bxg7+ Kxg7 33. Rxc1 Rf8 34. Qc3+ Rf6 35. Rf1 R8xf7 36. Rxf6 Rxf6 37. Qc7+ Rf7 38. Qxa5 Nc6 39. Qc3+ Kh6 40. a5 1-0

[Event "LXI Lega superiore camp. russo"]
[Site "Novokuznetsk RUS"]
[Date "2008.09.05"]
[Round "3"]
[White "Inarkiev, E."]
[Black "Chuprov, D."]
[Result "1-0"]
[WhiteElo "2675"]
[BlackElo "2577"]
[PlyCount "65"]
[EventDate "2008.09.03"]
[Source "www.chesslib.no"]
[SourceDate "2004.05.04"]

1. d4 Nf6 2. Nf3 g6 3. c4 Bg7 4. g3 O-O 5. Bg2 d6 6. O-O Nbd7 7. Nc3 e5 8. e4 exd4 9. Nxd4 a6 10. b3 Re8 11. Bb2 Rb8 12. Re1 c5 13. Nc2 Ne5 14. h3 Nc6 15. Qd3 Be6 16. Rad1 Qa5 17. f4 Nh5 18. Ba1 b5 19. Nd5 bxc4 20. bxc4 Bxa1 21. Rxa1 Bxd5 22. cxd5 Nb4 23. Qc3 Qa4 24. Ne3 Nxg3 25. Ng4 Nh5 26. Nh6+ Kf8 27. Qh8+ Ke7 28. Qxh7 Rf8 29. e5 Nd3 30. Re4 Rb4 31. exd6+ Kd8 32. Nxf7+ Kc8 33. Ne5 1-0

[Event "Europa ch 2008"]
[Site "Plovdiv BUL"]
[Date "2008.04.27"]
[Round "7.2"]
[White "Tregubov, Pavel V"]
[Black "Mamedov, Rauf"]
[Result "1-0"]
[WhiteElo "2629"]
[BlackElo "2617"]
[PlyCount "59"]
[EventDate "2008.04.21"]
[Source "www.chesslib.no"]
[SourceDate "2004.05.04"]

1. d4 d6 2. Nf3 g6 3. g3 Bg7 4. Bg2 Nf6 5. c4 O-O 6. O-O Nbd7 7. Nc3 e5 8. e4 a6 9. Re1 Rb8 10. d5 b5 11. cxb5 axb5 12. b4 Nb6 13. Nd2 Bd7 14. Bf1 Qe7 15. Nb3 Nc4 16. a4 bxa4 17. Bxc4 axb3 18. Qxb3 Ne8 19. Ra7 f5 20. exf5 Bxf5 21. b5 Qf7 22. Be3 Nf6 23. b6 Ng4 24. Rxc7 Qf6 25. Nb5 Be4 26. Nxd6 Bf3 27. Nf7 h6 28. d6 Kh7 29. h3 Ba8 30. Bc5 1-0

[Event "World Cup"]
[Site "Khanty-Mansiysk RUS"]
[Date "2007.11.28"]
[Round "2.2"]
[White "Zhou Jianchao"]
[Black "Volokitin, And"]
[Result "1/2-1/2"]
[WhiteElo "2566"]
[BlackElo "2678"]
[PlyCount "36"]
[EventDate "2007.11.24"]
[Source "www.chesslib.no"]
[SourceDate "2004.05.04"]

1. d4 d6 2. Nf3 Nf6 3. g3 g6 4. Bg2 Bg7 5. O-O O-O 6. c4 Nbd7 7. Nc3 e5 8. e4 a6 9. dxe5 dxe5 10. b3 Re8 11. Ba3 Bf8 12. Bxf8 Kxf8 13. Qd2 c6 14. Rfd1 Qe7 15. Qd6 a5 16. Qxe7+ Kxe7 17. h4 Kf8 18. Ne1 Nc5 1/2-1/2

[Event "Mind Sports Games - Blitz Team"]
[Site "Pechino CINA"]
[Date "2008.10.13"]
[Round "9"]
[White "Bu Xiangzhi"]
[Black "Paragua, M."]
[Result "1/2-1/2"]
[WhiteElo "2714"]
[BlackElo "2526"]
[PlyCount "175"]
[EventDate "2008.10.13"]
[Source "www.chesslib.no"]
[SourceDate "2004.05.04"]

1. d4 Nf6 2. c4 g6 3. g3 Bg7 4. Bg2 O-O 5. Nf3 d6 6. O-O Nbd7 7. Nc3 e5 8. e4 exd4 9. Nxd4 Re8 10. Re1 a6 11. h3 Rb8 12. b3 Nc5 13. Bf4 Bd7 14. Qd2 Qc8 15. Kh2 b5 16. cxb5 axb5 17. Bh6 Bxh6 18. Qxh6 b4 19. Nd5 Nxd5 20. exd5 Qa6 21. Qd2 Qd3 22. Rxe8+ Bxe8 23. Qxd3 Nxd3 24. Bf1 Nxf2 25. Re1 f5 26. Re7 Ra8 27. Ne6 Bf7 28. Rxc7 Ne4 29. Bg2 h6 30. h4 Nf6 31. Rc2 Ng4+ 32. Kg1 Ne3 33. Re2 Nxg2 34. Kxg2 Ra5 35. Rd2 Be8 36. Kf3 Kf7 37. Nf4 Kf6 38. Re2 Bf7 39. Rd2 g5 40. hxg5+ hxg5 41. Ne6 Bxe6 42. dxe6 Kxe6 43. Re2+ Re5 44. Rc2 Re4 45. Rc8 d5 46. Re8+ Kd6 47. Rg8 g4+ 48. Kf2 d4 49. Rb8 Kc5 50. Rc8+ Kd5 51. Rd8+ Ke5 52. Re8+ Kf6 53. Rf8+ Ke6 54. Rd8 Ke5 55. Re8+ Kd6 56. Rb8 Kc5 57. Rc8+ Kb6 58. Rb8+ Kc5 59. Rc8+ Kb5 60. Rb8+ Ka5 61. Ra8+ Kb6 62. Rb8+ Kc5 63. Rc8+ Kd5 64. Rd8+ Ke5 65. Re8+ Kf6 66. Rd8 f4 67. gxf4 Rxf4+ 68. Kg3 Re4 69. Rd5 Ke6 70. Rd8 Ke5 71. Re8+ Kd5 72. Rd8+ Kc5 73. Rc8+ Kb6 74. Rb8+ Kc6 75. Rd8 Kc7 76. Rd5 Kc6 77. Rd8 Kc5 78. Rc8+ Kd5 79. Rd8+ Ke5 80. Re8+ Kf5 81. Rf8+ Kg6 82. Rg8+ Kh5 83. Rh8+ Kg5 84. Rg8+ Kf5 85. Rf8+ Ke5 86. Re8+ Kd5 87. Rd8+ Kc5 88. Rc8+ 1/2-1/2

[Event "Ch France (team) 2007"]
[Site "France"]
[Date "2007.06.01"]
[Round "9"]
[White "Rozentalis Eduardas (LTU)"]
[Black "Miton Kamil (POL)"]
[Result "1-0"]
[WhiteElo "2578"]
[BlackElo "2653"]
[PlyCount "121"]
[EventDate "2007.??.??"]
[Source "www.chesslib.no"]
[SourceDate "2004.05.04"]

1. e4 c6 2. c4 e5 3. Nf3 d6 4. d4 Nd7 5. Nc3 Ngf6 6. g3 g6 7. Bg2 Bg7 8. O-O O-O 9. b3 Re8 10. Bb2 a6 11. Re1 b6 12. Qd2 Bb7 13. Rad1 Qc7 14. d5 c5 15. a3 Nf8 16. Bf1 Bc8 17. h3 Nh5 18. b4 Rb8 19. Rb1 f5 20. Bc1 Nf6 21. bxc5 bxc5 22. Rxb8 Qxb8 23. Qc2 Bd7 24. Bd2 Qc7 25. Nh4 f4 26. gxf4 exf4 27. Bxf4 Nh5 28. Bh2 Qd8 29. Nf3 Qf6 30. Re3 Bh6 31. e5 dxe5 32. Ne4 Qd8 33. Re1 Bf4 34. Nxc5 Bxh2+ 35. Kxh2 Qf6 36. Re3 Qf4+ 37. Kg1 Bf5 38. Qc3 e4 39. Qd4 Ng3 40. Nd3 Qb8 41. fxg3 Qxg3+ 42. Kh1 Qb8 43. Nh4 exd3 44. Nxf5 gxf5 45. Rxe8 Qxe8 46. Bxd3 Qh5 47. Kh2 Qf3 48. d6 Ne6 49. d7 Kf7 50. d8=Q Nxd8 51. Qxd8 Qf2+ 52. Kh1 Qf3+ 53. Kg1 Qg3+ 54. Kf1 f4 55. Qd5+ Ke8 56. Qe5+ Kd7 57. Bf5+ Kd8 58. Qh8+ Kc7 59. Qxh7+ Kb8 60. Qh8+ Kb7 61. Qb2+ 1-0

[Event "XXIV ECC"]
[Site "Kallithea GRE"]
[Date "2008.10.22"]
[Round "6"]
[White "Inarkiev, E."]
[Black "Greenfeld, A."]
[Result "1-0"]
[WhiteElo "2669"]
[BlackElo "2560"]
[PlyCount "71"]
[EventDate "2008.10.17"]
[Source "www.chesslib.no"]
[SourceDate "2004.05.04"]

1. d4 Nf6 2. c4 g6 3. Nf3 Bg7 4. g3 O-O 5. Bg2 d6 6. O-O Nbd7 7. Nc3 e5 8. e4 exd4 9. Nxd4 Re8 10. b3 c6 11. Bb2 Nc5 12. Qc2 a5 13. Rad1 Qb6 14. a3 Bd7 15. Kh1 Re7 16. f3 Rae8 17. Bc1 Bc8 18. Be3 Nfd7 19. Bg1 Nb8 20. Rb1 Nba6 21. Rfd1 f5 22. b4 axb4 23. axb4 Nxb4 24. Qb2 fxe4 25. Qxb4 Qxb4 26. Rxb4 exf3 27. Bxf3 Re3 28. Bxe3 Rxe3 29. Nce2 Nd3 30. Rbb1 Ne5 31. Ng1 Nd3 32. Rxd3 Rxd3 33. Nxc6 bxc6 34. Rb8 Bd4 35. Rxc8+ Kg7 36. Ne2 1-0

[Event "3. Amplico AIG Life Q/F"]
[Site "?"]
[Date "2003.12.21"]
[Round "4"]
[White "Jaracz Pawel"]
[Black "Akopian Vladimir"]
[Result "1/2-1/2"]
[WhiteElo "2542"]
[BlackElo "2684"]
[PlyCount "83"]
[EventDate "2003.??.??"]
[Source "www.chesslib.no"]
[SourceDate "2004.05.04"]

1. Nf3 Nf6 2. c4 d6 3. d4 Nbd7 4. g3 g6 5. Bg2 Bg7 6. O-O O-O 7. Nc3 e5 8. e4 exd4 9. Nxd4 Re8 10. h3 Nc5 11. Re1 Bd7 12. Rb1 h6 13. b4 Ne6 14. Nde2 Ng5 15. Nf4 Qc8 16. h4 Nh3+ 17. Nxh3 Bxh3 18. Nd5 Bxg2 19. Nxf6+ Bxf6 20. Kxg2 h5 21. Qd5 Re5 22. Qd3 Re6 23. Bf4 Qe8 24. Rbc1 Qa4 25. Qd2 Rae8 26. f3 Bg7 27. c5 Be5 28. Be3 dxc5 29. bxc5 Ra6 30. Rc2 Bf6 31. Bf2 Rd8 32. Qe2 Qc6 33. Rb1 Rd7 34. Rb4 Ra3 35. Rb3 Rxb3 36. axb3 Bd4 37. Be1 a6 38. Rc4 Be5 39. Bf2 Qe6 40. c6 bxc6 41. Qc2 Rd6 42. Bc5 1/2-1/2

[Event "Boskovic mem"]
[Site "Belgrade"]
[Date "2000.10.07"]
[Round "4"]
[White "Georgiev, Kiril"]
[Black "Ilincic, Zlatko"]
[Result "1-0"]
[WhiteElo "2661"]
[BlackElo "2563"]
[PlyCount "127"]
[EventDate "2000.10.03"]
[Source "ChessBase"]
[SourceDate "2001.01.25"]

1. d4 Nf6 2. c4 g6 3. Nf3 Bg7 4. g3 O-O 5. Bg2 d6 6. O-O Nbd7 7. Nc3 e5 8. h3 Re8 9. e4 exd4 10. Nxd4 Nc5 11. Re1 a5 12. Ndb5 Bd7 13. Bf4 Bxb5 14. cxb5 Nfd7 15. Qc2 Ne6 16. Be3 Bd4 17. Rad1 Bxe3 18. Rxe3 Nec5 19. a3 a4 20. Rd4 Qf6 21. Rb4 Nb6 22. Qd1 Rad8 23. Re2 Rd7 24. Kh2 Rde7 25. Rd2 Re6 26. h4 h5 27. f4 Qg7 28. Rf2 R6e7 29. Rd2 Qh6 30. Qc2 Qg7 31. Rd1 Kh8 32. Qf2 Ncd7 33. Bf3 Kh7 34. Rd2 Qf6 35. e5 dxe5 36. Bxb7 exf4 37. Rxf4 Qg7 38. Bc6 f5 39. Nxa4 Nxa4 40. Rxa4 Rf8 41. Bxd7 Rxd7 42. Rxd7 Qxd7 43. Ra7 Qxb5 44. Rxc7+ Kg8 45. b4 Qe5 46. Qc2 Rd8 47. Kh3 Qe6 48. Qc6 Qxc6 49. Rxc6 Rd3 50. a4 Kf7 51. b5 Ra3 52. Rc4 Rb3 53. Kg2 Ke7 54. Rc6 Rb4 55. Ra6 Rg4 56. Kf3 g5 57. hxg5 Rxg5 58. Rh6 Kd7 59. Rh7+ Kc8 60. b6 Rg4 61. Rxh5 Rxa4 62. Rxf5 Rb4 63. Rf8+ Kd7 64. b7 1-0

[Event "Bundesliga 0102"]
[Site "?"]
[Date "2002.03.16"]
[Round "10.1"]
[White "Georgiev Kiril"]
[Black "Golubev Mihail"]
[Result "1-0"]
[WhiteElo "2695"]
[BlackElo "2526"]
[PlyCount "83"]
[EventDate "2002.??.??"]
[Source "www.chesslib.no"]
[SourceDate "2004.05.04"]

1. d4 Nf6 2. c4 g6 3. Nf3 Bg7 4. g3 O-O 5. Bg2 d6 6. O-O Nbd7 7. Nc3 e5 8. h3 Re8 9. e4 exd4 10. Nxd4 a6 11. Bg5 h6 12. Be3 Nc5 13. Qc2 Bd7 14. Nde2 Qc8 15. Kh2 Re5 16. Bd4 Rh5 17. Nf4 Ng4+ 18. Kg1 Bxd4 19. Nxh5 gxh5 20. Nd5 Qd8 21. hxg4 hxg4 22. Rad1 Bg7 23. b3 Ne6 24. Rfe1 Nd4 25. Qd2 c6 26. Nf4 Be5 27. Ne2 Nf3+ 28. Bxf3 gxf3 29. Nd4 Qf6 30. Qe3 Re8 31. Nxf3 Bg4 32. Rd3 Bb2 33. Nh2 Bh5 34. Qd2 Qg7 35. Qb4 Bg6 36. Qxb7 Bxe4 37. Rxd6 Bd4 38. Rxe4 Bxf2+ 39. Kxf2 Qb2+ 40. Kg1 Rxe4 41. Qxc6 Qe5 42. Nf1 1-0

[Event "Acropolis MI"]
[Site "?"]
[Date "2005.03.10"]
[Round "5"]
[White "Avrukh Boris"]
[Black "Kotronias Vasilios"]
[Result "1/2-1/2"]
[WhiteElo "2629"]
[BlackElo "2585"]
[PlyCount "41"]
[EventDate "2005.??.??"]
[Source "www.chesslib.no"]
[SourceDate "2004.05.04"]

1. d4 Nf6 2. c4 g6 3. Nf3 Bg7 4. g3 O-O 5. Bg2 d6 6. Nc3 Nbd7 7. O-O e5 8. e4 c6 9. b3 Qb6 10. Bb2 exd4 11. Nxd4 Nc5 12. Rb1 Re8 13. Re1 Ng4 14. Qd2 Ne5 15. Ba1 a5 16. Nc2 Bg4 17. Ne3 h5 18. Na4 Nxa4 19. bxa4 Qc5 20. Rxb7 Rab8 21. Rb3 1/2-1/2

[Event "UK-CHN Match"]
[Site "Liverpool ENG"]
[Date "2007.09.07"]
[Round "4"]
[White "Bu Xiangzhi"]
[Black "Jones, G."]
[Result "1-0"]
[WhiteElo "2685"]
[BlackElo "2526"]
[PlyCount "105"]
[EventDate "2007.09.04"]
[Source "www.chesslib.no"]
[SourceDate "2004.05.04"]

1. Nf3 Nf6 2. c4 g6 3. g3 Bg7 4. Bg2 O-O 5. O-O d6 6. d4 Nbd7 7. Nc3 e5 8. e4 a6 9. h3 b5 10. cxb5 axb5 11. b4 c6 12. Be3 Bb7 13. Re1 Re8 14. Qc2 exd4 15. Nxd4 Rc8 16. Qb3 Nb6 17. f4 Na4 18. Nde2 Nh5 19. Bf2 Nxc3 20. Nxc3 Qd7 21. Rad1 Qe6 22. Qxe6 Rxe6 23. Ne2 Ra8 24. g4 Nf6 25. Nd4 Ree8 26. e5 dxe5 27. Nxb5 Reb8 28. Nd6 e4 29. b5 Bf8 30. Nxb7 Rxb7 31. bxc6 Rb5 32. a4 Rba5 33. c7 Rc8 34. Bb6 Rc5 35. Rd8 R5xc7 36. Bxc7 Rxc7 37. g5 Nh5 38. Rxe4 Ng7 39. Rb4 Ne6 40. Re8 Kg7 41. Rbb8 Rc5 42. Bf3 Rc1+ 43. Kf2 Rc2+ 44. Ke1 Rc1+ 45. Kd2 Rc4 46. Bg4 Bb4+ 47. Kd3 Rc3+ 48. Ke4 Rc4+ 49. Kf3 Rc3+ 50. Kf2 Rc2+ 51. Kg3 Rc3+ 52. Kh4 Rc8 53. Bxe6 1-0

[Event "15. European Team Championship"]
[Site "?"]
[Date "2005.08.05"]
[Round "7.5"]
[White "Istratescu Andrei"]
[Black "Kotronias Vasilios"]
[Result "1/2-1/2"]
[WhiteElo "2624"]
[BlackElo "2587"]
[PlyCount "50"]
[EventDate "2005.??.??"]
[Source "www.chesslib.no"]
[SourceDate "2004.05.04"]

1. d4 Nf6 2. c4 g6 3. Nf3 Bg7 4. g3 O-O 5. Bg2 d6 6. O-O Nbd7 7. Nc3 e5 8. e4 c6 9. b3 Qb6 10. d5 Nc5 11. Be3 cxd5 12. Nxd5 Qd8 13. Nxf6+ Qxf6 14. Ne1 Qe7 15. Nd3 Be6 16. Nb4 f5 17. Nd5 Qf7 18. f3 Rac8 19. Rc1 f4 20. Bf2 h5 21. gxf4 exf4 22. Bh4 Bxd5 23. cxd5 Qd7 24. Rf2 a5 25. Rfc2 Be5 1/2-1/2

[Event "NH Chess Tournament"]
[Site "Amsterdam NED"]
[Date "2007.08.26"]
[Round "5"]
[White "Ljubojevic, L."]
[Black "Cheparinov, I."]
[Result "1/2-1/2"]
[WhiteElo "2550"]
[BlackElo "2657"]
[PlyCount "116"]
[EventDate "2007.08.22"]
[Source "www.chesslib.no"]
[SourceDate "2004.05.04"]

1. d4 Nf6 2. c4 g6 3. g3 Bg7 4. Bg2 O-O 5. Nf3 d6 6. O-O Nbd7 7. Nc3 e5 8. e4 exd4 9. Nxd4 Re8 10. b3 Nc5 11. f3 Nfd7 12. Be3 Ne5 13. Qd2 c6 14. h3 a5 15. Rab1 Qe7 16. f4 Ned3 17. Kh2 f5 18. Bg1 fxe4 19. Nxe4 Nxe4 20. Qxd3 h5 21. Rbd1 d5 22. cxd5 cxd5 23. Nf3 Be6 24. Bd4 Rac8 25. Rc1 Bf5 26. Rxc8 Rxc8 27. Bxg7 Nxg3 28. Qxd5+ Be6 29. Qe5 Nxf1+ 30. Bxf1 Rc5 31. Bf6 Rxe5 32. Bxe7 Re3 33. Ne5 Rc3 34. Bd3 Bf5 35. Bxf5 gxf5 36. Bd8 Rc2+ 37. Kg3 Rxa2 38. Kh4 b5 39. Kxh5 a4 40. bxa4 bxa4 41. Be7 Rg2 42. Kh6 Rg7 43. Bd6 Rg3 44. h4 a3 45. Bxa3 Rxa3 46. Kg6 Rg3+ 47. Kxf5 Kg7 48. Ng4 Ra3 49. Kg5 Ra5+ 50. f5 Rb5 51. h5 Ra5 52. Nf6 Rb5 53. h6+ Kh8 54. Nd7 Kh7 55. Nf8+ Kg8 56. Kg6 Rxf5 57. h7+ Kh8 58. Kxf5 Kg7 1/2-1/2

[Event "Ohrid 82/493"]
[Site "?"]
[Date "2001.??.??"]
[Round "?"]
[White "Jussupow, A."]
[Black "Nataf, I.-A."]
[Result "1/2-1/2"]
[WhiteElo "2645"]
[BlackElo "2552"]
[PlyCount "95"]
[EventDate "2001.??.??"]
[Source "Chess Informant"]
[SourceDate "2001.06.01"]

1. d4 Nf6 2. c4 g6 3. g3 Bg7 4. Bg2 O-O 5. Nc3 d6 6. Nf3 Nbd7 7. O-O e5 8. e4 exd4 9. Nxd4 Re8 10. Be3 Nc5 11. f3 c6 12. Qd2 Nfd7 13. Rad1 Ne5 14. b3 Qe7 15. Nde2 Ned3 16. Nf4 Nxf4 17. Bxf4 Be5 18. Rfe1 a5 19. Be3 Qf8 20. Bd4 a4 21. b4 Ne6 22. Be3 Qg7 23. Ne2 a3 24. f4 Bf6 25. Qc2 Be7 26. Bc1 Nc7 27. Qb3 Be6 28. Nd4 Bg4 29. Bf3 Bxf3 30. Nxf3 b5 31. e5 dxe5 32. Nxe5 c5 33. Rd7 Ne6 34. cxb5 cxb4 35. Be3 Rab8 36. Nc6 Nc5 37. Bxc5 Bxc5+ 38. Kf1 Rxe1+ 39. Kxe1 Qa1+ 40. Kd2 Qb2+ 41. Qxb2 axb2 42. Kc2 Rxb5 43. Kxb2 Bg1 44. Rd2 Rb6 45. Ne5 h5 46. Kb3 Kg7 47. h4 Rb7 48. Nf3 1/2-1/2

[Event "Wijk aan Zee"]
[Site "?"]
[Date "1992.??.??"]
[Round "?"]
[White "Nikolic, P."]
[Black "van Wely, L."]
[Result "1/2-1/2"]
[WhiteElo "2635"]
[BlackElo "2560"]
[PlyCount "114"]
[EventDate "1992.??.??"]
[Source "ChessBase"]
[SourceDate "1991.10.01"]

1. d4 Nf6 2. Nf3 g6 3. c4 Bg7 4. g3 d6 5. Bg2 O-O 6. O-O Nbd7 7. Nc3 e5 8. e4 exd4 9. Nxd4 Re8 10. h3 a6 11. Nde2 Rb8 12. Qc2 Ne5 13. b3 b5 14. cxb5 axb5 15. Bg5 c6 16. Rad1 b4 17. Na4 Qc7 18. Rfe1 h6 19. Bf4 c5 20. Qd2 Bb7 21. Qxd6 Qxd6 22. Rxd6 Nxe4 23. Rb6 Nd7 24. Rb5 Bc6 25. Rxb8 Nxb8 26. Bxb8 Bxa4 27. bxa4 Nc3 28. Bd6 Nxe2+ 29. Kf1 Bc3 30. Rd1 Bd4 31. a5 Re6 32. a6 Rxd6 33. a7 Ra6 34. a8=Q+ Rxa8 35. Bxa8 Nc3 36. Rd2 f5 37. Bb7 Kf7 38. Ba6 Ke6 39. Bc4+ Ke5 40. Kg2 Ke4 41. h4 g5 42. f3+ Ke5 43. hxg5 hxg5 44. Kh3 Nd5 45. Re2+ Ne3 46. Bg8 f4 47. Kh2 g4 48. gxf4+ Kxf4 49. fxg4 Kf3 50. Rxe3+ Bxe3 51. Bf7 Kf2 52. Bg8 Bg5 53. Bf7 Ke3 54. Kg2 Kd3 55. Kf1 Bh4 56. Bg6+ Kd2 57. Bf7 Kd3 1/2-1/2

[Event "Jagodina"]
[Site "?"]
[Date "1994.??.??"]
[Round "?"]
[White "Greenfeld, A."]
[Black "Mozetic, D."]
[Result "1/2-1/2"]
[WhiteElo "2610"]
[BlackElo "2585"]
[PlyCount "90"]
[EventDate "1994.??.??"]
[Source "ChessBase"]
[SourceDate "1994.06.01"]

1. d4 Nf6 2. c4 g6 3. Nf3 Bg7 4. g3 O-O 5. Bg2 d6 6. O-O Nbd7 7. Nc3 e5 8. h3 exd4 9. Nxd4 Re8 10. e4 Nc5 11. Re1 a5 12. Bf4 Nfd7 13. Be3 c6 14. Qc2 a4 15. b4 axb3 16. axb3 Rxa1 17. Rxa1 Qb6 18. Rb1 Ne5 19. b4 Nxc4 20. bxc5 Nxe3 21. fxe3 Qxc5 22. Rf1 Re7 23. Nce2 Be5 24. Qd2 Be6 25. Nf4 Bc4 26. Rc1 b5 27. Nb3 Qb6 28. Na5 d5 29. exd5 Bxf4 30. Nxc4 bxc4 31. gxf4 Rxe3 32. Qf2 cxd5 33. Bxd5 c3 34. Kg2 Qd4 35. Bc6 Qd3 36. Re1 Rxe1 37. Qxe1 c2 38. Qe8+ Kg7 39. Qe5+ f6 40. Qe7+ Kh6 41. Qf8+ Kh5 42. Qxf6 Qe2+ 43. Kg3 Qe1+ 44. Kg2 Qe2+ 45. Kg3 Qe1+ 1/2-1/2

[Event "La Habana 81/(453)"]
[Site "?"]
[Date "2001.??.??"]
[Round "?"]
[White "Andersson, U."]
[Black "Nataf, I.-A."]
[Result "1/2-1/2"]
[WhiteElo "2640"]
[BlackElo "2552"]
[PlyCount "42"]
[EventDate "2001.??.??"]
[Source "Chess Informant"]
[SourceDate "2001.02.01"]

1. Nf3 Nf6 2. c4 g6 3. g3 Bg7 4. Bg2 O-O 5. O-O d6 6. Nc3 e5 7. d4 Nbd7 8. e4 exd4 9. Nxd4 Re8 10. h3 a6 11. Re1 Rb8 12. Rb1 Ne5 13. b3 c5 14. Nf3 Nxf3+ 15. Qxf3 b5 16. Bf4 Nh5 17. Bd2 Qf6 18. Nd5 Qxf3 19. Bxf3 Nf6 20. Bf4 Nxd5 21. exd5 Bf5 1/2-1/2